000 01063cab a2200241 4500
001 WB3206-09
008 090401t1996 xxu||||| |||| 00| 0 eng d
035 _a(Sirsi) u20985
041 _aeng
245 _aDevelopment
260 _c1996
350 _a0
490 _aEstates Gazette Case Summaries
_v(1996) EGCS 10 (03/02/96)
520 _a"Burroughs Day v Bristol City Council" QBD 18 January 1996. B sought listed building consent to carry out works at their offices. Drawings showed installation of a lift shaft which involved altering the roof. Consent was refused and the SoS Environment dismissed B`s appeal. B contended that the work was internal and did not affect the external appearance of the building within s55 of the Town and Country Planning Act 1990. Judgment for B.
650 _aLIFT INSTALLATION
650 _aLISTED BUILDING CONSENT
650 _aLISTED BUILDINGS
650 _aOFFICES
650 _aTOWN AND COUNTRY PLANNING ACT 1990 S55
690 _aBUILDING AND CONSTRUCTION-CASE LAW
942 _n0
948 _c04/03/1997
999 _c14077
_d14077